Science Quiz

Random Science or Flags Quiz
Score 0/12 Timer 03:00
90 Plays Today
% Correct
Kunitomo Ikkansai
92.7%
Louis Pasteur
91%
Dmitri Mendeleev
89.2%
Albert Einstein
89.1%
Enrico Fermi
84.7%
Stephen Hawking
80.7%
Satyendra Nath Bose
79.4%
Dian Fossey
57.2%
Frederick Banting
53.4%
Robert Boyle
52.1%
Mark Oliphant
49.4%
Sydney Brenner
37.4%

You're not logged in!

Compare scores with friends on all Sporcle quizzes.
OR
Log In

Sporcle TV

Today on Sporcle TV


Watch our educational content, quiz creation guides, and fun videos on Sporcle TV.

Show Comments

Extras

Top Quizzes Today


Score Distribution

Paid Content

Your Account Isn't Verified!

In order to create a playlist on Sporcle, you need to verify the email address you used during registration. Go to your Sporcle Settings to finish the process.

Report this User

Report this user for behavior that violates our Community Guidelines.

Details: